Catálogo
 En Linea

Madame Curie / (Registro nro. 18080)

Detalles MARC
000 -CABECERA
campo de control de longitud fija 00755cam a2200229 a 4500
001 - NÚMERO DE CONTROL
campo de control 000018560
005 - FECHA Y HORA DE LA ÚLTIMA TRANSACCIÓN
campo de control 20200929165826.0
008 - DATOS DE LONGITUD FIJA--INFORMACIÓN GENERAL
campo de control de longitud fija 821208s1963 maua 001 0beng d
040 ## - FUENTE DE LA CATALOGACIÓN
Centro catalogador/agencia de origen DO-SdBNP
Centro/agencia transcriptor CarP
Centro/agencia modificador DLC
-- BNPHU
082 ## - NÚMERO DE LA CLASIFICACIÓN DECIMAL DEWEY
Número de clasificación 925.940
Número de documento/Ítem C975C
049 ## - FONDOS LOCALES (OCLC)
Fondos de biblioteca BNGR
100 1# - ENTRADA PRINCIPAL--NOMBRE DE PERSONA
Nombre de persona Curie, Eve,
Fechas asociadas al nombre 1904-2007.
9 (RLIN) 40140
240 10 - TÍTULO UNIFORME
Título uniforme Madame Curie
Lenguaje de la obra English.
245 10 - MENCIÓN DE TÍTULO
Título Madame Curie /
Mención de responsabilidad, etc. by Eve Curie ; translated by Vincent Sheean.
260 ## - PUBLICACIÓN, DISTRIBUCIÓN, ETC.
Lugar de publicación, distribución, etc. Boston :
Nombre del editor, distribuidor, etc. Houghton Mifflin,
Fecha de publicación, distribución, etc. 1963.
300 ## - DESCRIPCIÓN FÍSICA
Extensión xxv, 403 p. :
Otras características físicas ill. ;
Dimensiones 22 cm.
490 1# - MENCIÓN DE SERIE
Mención de serie Riverside literature
Designación de volumen o secuencia 24
600 10 - PUNTO DE ACCESO ADICIONAL DE MATERIA--NOMBRE DE PERSONA
Nombre de persona CURIE, MARIE,
Fechas asociadas al nombre 1867-1934.
9 (RLIN) 40141
700 1# - PUNTO DE ACCESO ADICIONAL--NOMBRE DE PERSONA
Nombre de persona Sheean, Vincent,
Fechas asociadas al nombre 1899-1975,
Término indicativo de función/relación tr.
9 (RLIN) 40142
830 #0 - PUNTO DE ACCESO ADICIONAL DE SERIE-TÍTULO UNIFORME
Título uniforme Riverside literature ;
Designación de volumen o secuencia 24
9 (RLIN) 40143
910 ## - DATOS DE OPCIÓN DEL USUARIO (OCLC)
Datos de opción del usuario Catalogación derivada / LC
Existencias
Estado de retiro Estado de pérdida Restricciones de uso No para préstamo Código de colección Localización permanente Ubicación/localización actual Ubicación en estantería Fecha de adquisición Número de inventario Total de préstamos Signatura topográfica completa Código de barras Fecha visto por última vez Precio válido a partir de Tipo de ítem Koha
        Monografías: Libros y Folletos General General En catalogación 11.05.2010 LF1   925.940 C975C 18560-10 25.06.2020 25.06.2020 Préstamo en sala

Con tecnología Koha